01147cam a22003251a 4500001001300000003000400013005001700017008004100034010001700075035002000092040005200112050002400164051001700188070002200205072001500227082001300242100001900255245010400274260004400378300003800422440004900460500007900509500003100588504003000619500002000649650004200669650004600711650004700757999001700804gs 60000175 DLC20260227111409.0840925s1960 dcuab b f001 0 eng c ags 60000175  a(OCoLC)11196522 aU.S. Geol. Survey. Libr.cCLSdDNALdOCoLCdDLC00aTC801b.U2 no. 1484 aQE90.S54bM30 a407bG29W no.14840 aP200aX400 a557.94211 aMack, Seymour.10aGeology and ground-water features of Shasta Valley, Siskiyou County, California /cby Seymour Mack. aWashington, D.C. :bU.S. G.P.O.,c1960. av, 115 p. :bill., maps ;c24 cm. 0aGeological Survey water-supply paper ;v1484 a"Prepared in cooperation with the California Division of Water Resources." aTwo folded maps in pocket. aBibliography: p. 110-111. aIncludes index. 0aGeologyzCaliforniazSiskiyou County. 0aGroundwaterzCaliforniazSiskiyou County. 0aWater-supplyzCaliforniazSiskiyou County. c29434d29434